Statistics for 500 Decimals of pi

Click here to take the quiz!

General Stats

  • This quiz has been taken 264 times
  • The average score is 94 of 500

Answer Stats

Number % Correct
1
100%
9
100%
4
100%
5
100%
1
100%
2
99%
6
96%
5
96%
3
93%
5
93%
8
91%
9
88%
7
87%
9
85%
3
85%
2
85%
4
84%
8
84%
3
84%
6
82%
2
81%
6
81%
4
79%
3
79%
3
79%
8
79%
3
78%
2
78%
7
78%
9
78%
5
75%
0
73%
2
70%
8
70%
8
70%
4
69%
1
67%
9
67%
7
67%
1
67%
6
67%
9
67%
3
67%
9
64%
9
64%
3
64%
7
64%
0
63%
5
63%
1
63%
5
60%
8
58%
2
57%
0
57%
9
55%
7
55%
4
55%
9
55%
4
55%
4
55%
5
55%
3
54%
9
54%
2
54%
0
52%
7
51%
8
51%
1
48%
6
46%
4
46%
0
46%
2
45%
8
45%
0
45%
9
45%
6
45%
8
45%
2
45%
6
45%
9
43%
8
43%
6
43%
4
42%
3
42%
0
42%
8
42%
2
42%
9
40%
7
40%
6
40%
0
40%
7
40%
1
40%
1
40%
2
40%
3
40%
5
40%
2
40%
8
40%
4
40%
8
28%
2
28%
1
28%
6
27%
1
27%
5
27%
8
27%
0
27%
8
27%
4
27%
6
25%
0
25%
3
25%
2
25%
8
25%
2
25%
3
25%
4
24%
5
24%
9
24%
0
24%
6
24%
4
24%
4
24%
8
24%
3
24%
9
24%
0
24%
7
24%
6
24%
5
22%
0
22%
5
22%
2
21%
2
21%
8
21%
2
19%
2
19%
0
19%
5
19%
4
19%
7
19%
1
19%
1
19%
1
19%
8
19%
8
19%
4
19%
1
19%
3
19%
0
19%
4
19%
9
19%
5
19%
3
19%
5
19%
2
19%
7
19%
1
19%
8
19%
0
18%
3
18%
9
18%
1
18%
1
18%
7
18%
2
18%
0
18%
4
18%
8
18%
8
16%
4
15%
4
15%
5
15%
9
15%
5
15%
6
15%
5
15%
0
15%
1
15%
1
15%
2
15%
5
15%
6
13%
2
13%
2
13%
6
12%
9
12%
1
12%
8
12%
3
12%
0
12%
9
12%
3
12%
4
12%
5
12%
9
12%
8
12%
4
12%
9
12%
4
10%
3
9%
9
9%
5
9%
6
9%
6
9%
5
9%
9
9%
7
9%
0
9%
1
9%
8
9%
8
9%
2
9%
4
9%
7
7%
1
7%
2
7%
0
7%
1
7%
9
7%
0
7%
4
7%
8
7%
7
7%
2
7%
1
7%
6
7%
4
7%
4
7%
3
7%
2
7%
6
6%
5
6%
5
6%
1
6%
9
6%
4
6%
6
6%
3
6%
5
6%
6
6%
4
6%
8
6%
2
6%
1
6%
3
6%
8
6%
6
6%
7
6%
8
6%
3
6%
7
6%
4
4%
4
4%
3
4%
2
4%
6
4%
6
4%
3
4%
8
4%
2
4%
1
4%
3
4%
3
4%
6
4%
4
4%
5
4%
9
4%
0
4%
2
4%
1
4%
4
4%
8
4%
5
4%
6
4%
9
4%
6
4%
3
4%
4
4%
6
4%
0
4%
3
4%
4
4%
8
4%
6
4%
3
3%
3
3%
0
3%
5
3%
7
3%
2
3%
7
3%
0
3%
1
3%
6
3%
5
3%
7
3%
5
3%
9
3%
5
3%
9
3%
4
3%
9
3%
5
3%
3
3%
9
3%
9
3%
4
3%
0
3%
5
3%
2
3%
1
3%
3
3%
8
3%
4
3%
1
3%
6
3%
0
3%
9
3%
5
3%
1
3%
4
3%
1
3%
5
3%
1
3%
1
3%
6
3%
3
3%
1
3%
9
3%
6
3%
8
3%
5
3%
4
3%
8
3%
0
3%
7
3%
4
3%
4
3%
2
3%
6
3%
3
3%
7
3%
0
3%
1
3%
1
3%
9
3%
4
3%
9
3%
1
3%
1
3%
5
3%
2
3%
1
3%
1
3%
8
3%
6
3%
1
3%
1
3%
7
3%
3
3%
8
3%
9
3%
0
3%
3
3%
2
3%
6
3%
1
3%
1
3%
7
3%
9
3%
3
3%
1
3%
6
3%
5
3%
4
3%
8
3%
6
3%
0
3%
6
3%
0
3%
1
3%
5
3%
5
3%
8
3%
1
3%
0
3%
7
3%
4
3%
8
3%
8
3%
1
3%
5
3%
2
3%
0
3%
6
3%
0
3%
2
3%
1
3%
0
3%
7
3%
2
3%
6
3%
0
3%
2
3%
4
3%
9
3%
4
3%
7
3%
1
3%
2
3%
7
3%
3
3%
7
3%
2
3%
4
3%
5
3%
8
3%
9
3%
3
3%
0
3%
3
3%
9
3%
0
3%
3
3%
6
3%
0
3%
0
3%
1
3%
1
3%
3
3%
2
3%
0
3%
9
3%
5
3%
3
3%
0
3%
4
3%
8
3%
8
3%
2
3%
5
3%
2
3%
9
3%
9
3%
8
3%
5
3%
2
3%
9
3%
2
3%
4
3%
2
3%
6
3%
0
3%
8
3%
1
3%
7
3%
1
3%
5
3%
3
3%
6
3%
4
3%
3
3%
6
3%
7
3%
1
1%
2
1%
2
1%
7
1%
8
1%
9
1%
3
1%
8
1%
1
1%
3
1%
8
1%
9
1%
8
1%
4
1%
7
1%
9
1%
9
1%
2
1%
7
1%
4
1%
9
1%
5
1%
6
1%
3
1%
2
1%
5
1%
1
1%
8
1%
5
1%
7
1%
5
1%
2
1%
7
1%
6
1%

Score Distribution

Percentile by Number Answered

Percent of People with Each Score

Your Score History

You have not taken this quiz